Carregant...
CISCO Networking academy program CCNA 1 and 2 engineering journal and workbook
| Format: | Printed Book |
|---|---|
| Publicat: |
New Delhi:
Pearson Education Inc,
2004.
|
| Edició: | 1 |
| Matèries: |
| LEADER | 00525cam a2200157ua 4500 | ||
|---|---|---|---|
| 020 | |a 81-297-0381-5 | ||
| 082 | |a 004.6 |b CIS | ||
| 245 | 0 | 0 | |a CISCO Networking academy program CCNA 1 and 2 engineering journal and workbook |
| 250 | |a 1 | ||
| 260 | |a New Delhi: |b Pearson Education Inc, |c 2004. | ||
| 300 | |a viii, 289p. | ||
| 500 | |a Includes index. | ||
| 650 | 0 | |a Computer science | |
| 942 | |c BK | ||
| 999 | |c 11985 |d 11985 | ||
| 952 | |0 0 |1 0 |4 0 |6 004_600000000000000_CI |7 0 |9 12504 |a KUCL |b KUCL |d 2014-05-23 |l 0 |o 004.6 CI |p 13864 |r 2014-05-23 |w 2014-05-23 |y BK | ||